Después del maltrato: en desamparo total /
Guardado en:
| Autor principal: | |
|---|---|
| Otros Autores: | |
| Formato: | Texto |
| Etiquetas: |
Agregar Etiqueta
Sin Etiquetas, Sea el primero en etiquetar este registro!
|
MARC
| LEADER | 00000 a a2200000 04500 | ||
|---|---|---|---|
| 001 | 45996 | ||
| 003 | |||
| 040 | |a CRAI/IIS |c CRAI/IIS | ||
| 100 | |a Cuadra, Scarlet | ||
| 245 | |a Después del maltrato: |b en desamparo total / |c Scarlet Cuadra, María Mercedes Mendoza | ||
| 700 | |a Mercedes Mendoza, María | ||
| 773 | |g volumen16, número395 (1996), páginas 17-24 | ||
| 999 | |c 18536 |d 18536 | ||
